U.S. business investments in foreign countries : a supplement to the survey of current business (Record no. 424084)

000 -LEADER
fixed length control field 00440cam a22001217a 4500
008 - FIXED-LENGTH DATA ELEMENTS--GENERAL INFORMATION
fixed length control field 180718b1960 xxu||||| |||| 00| 0 eng d
082 ## - DEWEY DECIMAL CLASSIFICATION NUMBER
Classification number T471x73 Un3f
100 ## - MAIN ENTRY--PERSONAL NAME
Personal name Pizar ,Samuel
245 ## - TITLE STATEMENT
Title U.S. business investments in foreign countries : a supplement to the survey of current business
Statement of responsibility, etc. by Samuel Pizar And Frederick Cutler
260 ## - PUBLICATION, DISTRIBUTION, ETC.
Place of publication, distribution, etc. Washington
Name of publisher, distributor, etc. U.S.Governm,ent Printing Office
Date of publication, distribution, etc. 1960
300 ## - PHYSICAL DESCRIPTION
Extent 147+p.
700 ## - ADDED ENTRY--PERSONAL NAME
Personal name Cutler,Frederick
Holdings
Withdrawn status Lost status Damaged status Not for loan Permanent Location Current Location Date acquired Full call number Barcode Date last seen Price effective from Koha item type
        Indian Institute of Public Administration Indian Institute of Public Administration 2009-09-15 T471x73 Un3f 27916 2018-07-21 2018-07-21 Book

Powered by Koha